| 000 | 02297cam a2200301 4500 | ||
|---|---|---|---|
| 001 | ABS67353 | ||
| 008 | 031218n2003 000 0 eng u | ||
| 035 | _a(Sirsi) u124642 | ||
| 245 | _aFirst Penthouse Ltd v Channel Hotels and Properties (UK) Ltd: Channel Hotels and Properties (UK) Ltd v Fahad Al Tamimi and others | ||
| 260 | _c2003 | ||
| 490 |
_aEstates Gazette _v[2004] 04 EG 148-157(10) |
||
| 520 | _a[2003] EWHC 2713 (Ch), 14 November 2003. Judgment on two actions relating to a lease of the roof space of a block of flats in which a number of penthouses were to be constructed. In the first action, claimant (FP), to whom the lease had originally been charged, had applied to the defendant (CHAPS), who had been granted an overriding lease in reversion of the lease after a change of freeholder, for a licence to assign the lease to defendant (T). FP sought a declaration that CHAPS had unreasonably withheld consent. FT completed the transfer to T. In the second action by CHAPS against FP, T and the five underlessees, CHAPS sought to establish and enforce its entitlement to forfeit the lease for breaches of covenant by reason of i), FP's unauthorised lease assignment to T ii), the failure to carry out and complete the roof space development expeditiously. FP and T maintained that any right to forfeit in respect of ii) had been waived. "Held": that CHAPs had unreasonably withheld consent. CHAPS also waived the right to forfeit the lease for breach of the covenant to carry out and complete the development expeditiously and its action was dismissed. View judgment at www.bailii.org. | ||
| 590 | _aABS | ||
| 650 | _aOVERRIDING LEASES | ||
| 650 | _aREVERSION | ||
| 650 | _aWAIVER | ||
| 650 | _aSUBLEASES | ||
| 650 | _aBREACH OF COVENANT | ||
| 650 | _aASHWORTH FRAZER LTD V GLOUCESTER CITY COUNCIL | ||
| 650 | _aTENANT COVENANTS | ||
| 650 | _aFORFEITURE | ||
| 650 | _aCHANNEL HOTELS AND PROPERTIES (UK) LTD V FAHAD AL TAMINI AND OTHERS | ||
| 650 | _aLANDLORD AND TENANT (COVENANTS) ACT 1995 | ||
| 650 | _aFIRST PENTHOUSE LTD V CHANNEL HOTELS AND PROPERTIES (UK) LTD | ||
| 690 | _aLANDLORD AND TENANT-RESIDENTIAL TENANCIES-CASE LAW | ||
| 856 |
_uhttps://www.bailii.org/ew/cases/EWHC/Ch/2003/2713.html _zView judgment on the BAILLII website... |
||
| 942 | _n0 | ||
| 999 |
_c73967 _d73967 |
||